Word Ladder: What Not to Do to Food Quiz Stats

 Plays Quiz Updated Jul 3, 2017

Support Sporcle.
Go Orange.
Score 0/34 Timer 04:00
0 Plays Today
Clue 4-Letter Word % Correct
Large black birdCROW
95.4%
Fail to holdDROP
94.9%
Photoshop optionCROP
92.1%
To blacken with fireCHAR
91.3%
Sonny's partner, formerlyCHER
90.1%
British fellowCHAP
89.4%
Grind with the teethCHEW
89.3%
Talk to the Man upstairsPRAY
89.2%
Thunderous soundCLAP
88.9%
Hired handsCREW
88.3%
Wooden horse siege cityTROY
87.8%
Airplane seat attachmentTRAY
86.1%
Fail to keepLOSE
84.7%
Romantic bloomROSE
82.8%
Frolic and gambolPLAY
82.1%
An architect's drawingPLAN
81.5%
Musical pitchTONE
81.4%
Clue 4-Letter Word % Correct
Thousands of poundsTONS
81.2%
Highlands familyCLAN
80.9%
Whacked arcade critterMOLE
79.8%
To chuckTOSS
79.5%
Fuzzy fungal surfaceMOLD
79.2%
1982 Disney sci-fi filmTRON
79%
'Friends' friendROSS
77.9%
Injured, as a ligamentTORE
77.6%
Skin breathing unitPORE
76.7%
Passed the wordTOLD
75%
Sound, as a bellTOLL
72.2%
DIY implementTOOL
69.6%
Without admixturesPURE
69.4%
Warner Bros. creationTOON
68.1%
Empty your stomachPUKE
65.9%
Long steady strideLOPE
53.8%
Act listlessMOPE
52.4%

Today's Daily Dose

From the Vault

Three Nineties Decades

by hscer

History 8m
Our apologies if you were hoping to show off your knowledge of history from the 1390s.
Remove Ads.
Support Sporcle.
Get the best of Sporcle when you Go Orange. This ad-free experience offers more features, more stats, and more fun while also helping to support Sporcle. Thank you for becoming a member.

Show Comments

Extras

Top Quizzes Today


Score Distribution

Your Account Isn't Verified!

In order to create a playlist on Sporcle, you need to verify the email address you used during registration. Go to your Sporcle Settings to finish the process.

Report this User

Report this user for behavior that violates our Community Guidelines.

Details: